00409nam a2200133 i 4500001000300000245005700003260003700060020001500097040000800112041000800120080000800128008004100136856009800177bg 0aLuminescence of Semiconductor Materials and Deviies. aNew York :bPlenum Press,c1979. a0306400340 cBPK apol a535 s pl f |000 0 pol  uhttp://koha.tu.koszalin.pl/cgi-bin/koha/opac-detail.pl?biblionumber=19849yKatalog online BPK